Trends in Special Medicare Payments and Service Utilization for Rural Areas in the 1990s (Record no. 352756)
[ view plain ]
| 000 -LEADER | |
|---|---|
| fixed length control field | 00664nam a2200133Ia 4500 |
| 008 - FIXED-LENGTH DATA ELEMENTS--GENERAL INFORMATION | |
| fixed length control field | 171212s9999 xx 000 0 und d |
| 020 ## - INTERNATIONAL STANDARD BOOK NUMBER | |
| International Standard Book Number | 9780833032133 |
| 100 ## - MAIN ENTRY--PERSONAL NAME | |
| Personal name | Farley, Donna O.;Shugarman, Lisa R.;Taylor, Pat;Inkelas, Moira;Ashwood, J. Scott |
| 245 ## - TITLE STATEMENT | |
| Statement of responsibility, etc | Farley, Donna O.;Shugarman, Lisa R.;Taylor, Pat;Inkelas, Moira;Ashwood, J. Scott |
| Title | Trends in Special Medicare Payments and Service Utilization for Rural Areas in the 1990s |
| 260 ## - PUBLICATION, DISTRIBUTION, ETC. (IMPRINT) | |
| Name of publisher, distributor, etc | RAND Corporation |
| Date of publication, distribution, etc | 2002 |
| 650 ## - SUBJECT ADDED ENTRY--TOPICAL TERM | |
| Topical term or geographic name as entry element | Health Sciences |
| 650 ## - SUBJECT ADDED ENTRY--TOPICAL TERM | |
| Topical term or geographic name as entry element | Rural hospitals -- Prospective payment; Medicare; Medicare -- Cost control; Rural health services |
| 856 ## - ELECTRONIC LOCATION AND ACCESS | |
| Uniform Resource Identifier | <a href="www.jstor.org/stable/10.7249/mr1595cms">www.jstor.org/stable/10.7249/mr1595cms</a> |
| Withdrawn status | Lost status | Damaged status | Home library | Current library | Date acquired | Total Checkouts | Full call number | Date last seen | Price effective from | Koha item type |
|---|---|---|---|---|---|---|---|---|---|---|
| College Library | College Library | 12/12/2017 | RA412.3 .M7 2002 | 12/12/2017 | 12/12/2017 | Curriculum - Based eBooks |